000
00293nam a2200145Ia 4500
100
_a
Raj Kamal
942
_c
BK
654
_a
embedded system
245
_a
Embedded systems
260
_b
Tata Mc Graw hill
_c
2003
082
_a
3.3
_b
RAJ
300
_a
631
546
_a
ENGLISH
999
_c
22765
_d
22765